Boys' Names in Top 1000-Z (2023) - Statistics

General Stats
  • This quiz has been taken 133 times
  • The average score is 11 of 24
Answer Stats
Answer % Correct
Zachary
93%
Zain
77%
Zane
77%
Zayn
77%
Zayne
77%
Zachariah
67%
Zechariah
67%
Zander
60%
Zion
57%
Zyon
57%
Zaid
50%
Zayd
50%
Zen
42%
Zaiden
40%
Zayden
40%
Zeke
40%
Zavier
38%
Zahir
25%
Zaire
25%
Zyair
25%
Zyaire
25%
Zev
12%
Zamir
5%
Zakai
4%
No matching quizzes found
Score Distribution
Percent of People with Each Score
Percentile by Number Answered
Your Score History
You have not taken this quiz